Online katalóg knižníc regiónu Turca

Večné puto (Record no. 22127)

MARC details
000 -LEADER
fixed length control field 01977cam a2200541 4500
001 - CONTROL NUMBER
control field 22127
003 - CONTROL NUMBER IDENTIFIER
control field VRT
005 - DATE AND TIME OF LATEST TRANSACTION
control field 20260320115034.0
008 - FIXED-LENGTH DATA ELEMENTS--GENERAL INFORMATION
fixed length control field 210624s2019 xo gr 010 f slo
015 ## - NATIONAL BIBLIOGRAPHY NUMBER
National bibliography number SNBA2020/01
020 ## - INTERNATIONAL STANDARD BOOK NUMBER
International Standard Book Number 9788089822355
Qualifying information (viazané)
035 ## - SYSTEM CONTROL NUMBER
System control number urn:nbn:sk:snk-am00edc5
035 ## - SYSTEM CONTROL NUMBER
System control number urn:nbn:sk:snk-am3igng
035 ## - SYSTEM CONTROL NUMBER
System control number 6C6392BD-CA7F-455E-98EA-A955629C827C
039 #9 - LEVEL OF BIBLIOGRAPHIC CONTROL AND CODING DETAIL [OBSOLETE]
Level of rules in bibliographic description 202510061040
Level of effort used to assign nonsubject heading access points AUTHORITY
Level of effort used to assign subject headings 202106241219
Level of effort used to assign classification VLOAD
Level of effort used to assign subject headings 202106070747
Level of effort used to assign classification AUTHORITY
Level of effort used to assign subject headings 202106070743
Level of effort used to assign classification AUTHORITY
040 ## - CATALOGING SOURCE
Original cataloging agency PPPK
Language of cataloging slo
Transcribing agency PPPK
Modifying agency SNK
Description conventions rda
041 1# - LANGUAGE CODE
Language code of text/sound track or separate title slo
Language code of original eng
044 ## - COUNTRY OF PUBLISHING/PRODUCING ENTITY CODE
MARC country code xo
ISO country code SK
072 #7 - SUBJECT CATEGORY CODE
Subject category code 821.111(73)-3
Subject category code subdivision Americká próza
Source konspekt
080 ## - UNIVERSAL DECIMAL CLASSIFICATION NUMBER
Universal Decimal Classification number 821.111(73)-31
Edition identifier 2011
080 ## - UNIVERSAL DECIMAL CLASSIFICATION NUMBER
Universal Decimal Classification number (0:82-311.6)
Edition identifier 2011
080 ## - UNIVERSAL DECIMAL CLASSIFICATION NUMBER
Universal Decimal Classification number (0:82-312.5)
Edition identifier 2011
100 1# - MAIN ENTRY--PERSONAL NAME
Personal name Frantz, Laura,
Dates associated with a name 1961-
Relationship aut
240 12 - UNIFORM TITLE
Uniform title A bound heart
Language of a work Slovensky
245 10 - TITLE STATEMENT
Title Večné puto
Statement of responsibility, etc. Laura Frantz ; preklad z anglického originálu A bound heart Mirka Molnárová Novysedláková
250 ## - EDITION STATEMENT
Edition statement Prvé vydanie
264 #1 - PRODUCTION, PUBLICATION, DISTRIBUTION, MANUFACTURE, AND COPYRIGHT NOTICE
Place of production, publication, distribution, manufacture [Spišské Hanušovce]
Name of producer, publisher, distributor, manufacturer i527.net vydavateľstvo
Date of production, publication, distribution, manufacture, or copyright notice 2019
300 ## - PHYSICAL DESCRIPTION
Extent 361 strán
Dimensions 21 cm
336 ## - CONTENT TYPE
Content type term text
Content type code txt
Source rdacontent
337 ## - MEDIA TYPE
Media type term bez média
Media type code n
Source rdamedia
338 ## - CARRIER TYPE
Carrier type term zväzok
Carrier type code nc
Source rdacarrier
500 ## - GENERAL NOTE
General note Miesto vydania podľa NA ISBN
500 ## - GENERAL NOTE
General note Obsahuje biografické informácie o autorke
500 ## - GENERAL NOTE
General note Obsahuje poznámky pod čiarou
655 #7 - INDEX TERM--GENRE/FORM
Genre/form data or focus term americké romány
Source of term SNKPH
655 #7 - INDEX TERM--GENRE/FORM
Genre/form data or focus term historické romány
Source of term SNKPH
655 #7 - INDEX TERM--GENRE/FORM
Genre/form data or focus term ľúbostné romány
Source of term SNKPH
655 #7 - INDEX TERM--GENRE/FORM
Genre/form data or focus term American novels
Source of term SNKPHeng
655 #7 - INDEX TERM--GENRE/FORM
Genre/form data or focus term Historical novels
Source of term SNKPHeng
655 #7 - INDEX TERM--GENRE/FORM
Genre/form data or focus term Love novels
Source of term SNKPHeng
700 1# - ADDED ENTRY--PERSONAL NAME
Personal name Molnárová-Novysedláková, Miroslava
Relationship trl
910 ## - USER-OPTION DATA (OCLC)
User-option data snk
942 ## - ADDED ENTRY ELEMENTS (KOHA)
Source of classification or shelving scheme Dewey Decimal Classification
Koha item type Krásna literatúra pre dospelých
Suppress in OPAC No
949 ## - LOCAL PROCESSING INFORMATION (OCLC)
6 273K0646056
a svkpoA 242671
b svkpo637698
949 ## - LOCAL PROCESSING INFORMATION (OCLC)
6 270001000576463
a svkbbA 159200
b svkbbm 787131
949 ## - LOCAL PROCESSING INFORMATION (OCLC)
6 17A1413222
a snkSC 187331
b snk2020/171
o 2279/19
s 6100:20200128
949 ## - LOCAL PROCESSING INFORMATION (OCLC)
6 17A1414046
a snkSC 187331 D1
b snk2020/1017
o 2279/19
Holdings
Stav vyradenia Strata Poškodenie Spôsob nadobudnutia Domovská knižnica Aktuálna knižnica Dátum nadobudnutia Total checkouts Čiarový kód exemplára Date last seen Typ exemplára
      Dar Obecná knižnica Horná Štubňa Obecná knižnica Horná Štubňa 20.03.2026   9788089822355 20.03.2026 Krásna literatúra pre dospelých
      Dar Obecná knižnica Turčianska Štiavnička Obecná knižnica Turčianska Štiavnička 23.03.2026   4738000687 23.03.2026 Krásna literatúra pre dospelých
Projekt je podporený Slovenskou asociáciou knižníc
Prevádzkuje Turčianska knižnica Martin 2026